Chaîne de mots "Couleur" - Statistiques

Statistiques générales
  • Ce quiz a été pris 372 fois
  • Le résultat moyen est 13 sur 30
Statistiques - réponses
Définition Réponse % Correct
Couleur exprimant un moment de silence Blanc
92%
Fleur de l'amour Rose
90%
D'un rouge qui coule dans nos veines Sang
88%
Sombre / Obscur Noir
85%
C'est un beau bleu, sauf si celui ci devient nuageux Ciel
83%
Jaune précieux allant sur le orange Orpiment
65%
Poisson le plus péché en Norvège Saumon
63%
Couleur rouge très précieux Rubis
61%
Fruit proche de la pêche, ou un autre fruit pour le guacamole Abricot / Avocat
60%
Légume peu apprécié, style de vert Épinard
60%
Genre de marron, René la ..... Taupes
60%
Violet assez fleuri, Quartier de la couronne parisienne Lilas
53%
Une des couleurs de l'arc en ciel Indigo
44%
Vert précieux, Côte touristique de la Bretagne Emeraude
43%
Dit d'une couleur qui est identique partout sur toute sa surface Uni
43%
Ville de la Pizza étant une sorte de jaune Naples
42%
Style de Marron, présent dans la cigarette Tabac
42%
Le rosé pour un vin Gris
35%
Anagramme de Malts Smalt
30%
Désigne un gentilé d'Istanbul et un département picard, Bleu Turquoise
25%
Cette pierre donne son nom au bleu outremer Lapis-Lazuli
23%
Verbe transformant la couleur en aquarelle Diluer
21%
Couleur Beige clair jaunâtre Écru
17%
Teinte de rouge synonyme de pourpre Écarlate
15%
Anagramme de RICANANT pour une couleur entre rose et rouge Incarnat
12%
Ville chinoise, dont la couleur est tiré d'un tissu de coton sérré Nankin
11%
Brun violacé obtenu grâce à l'encre de seiche Sépia
10%
Jaune Pâle Topaze
9%
Teinture brune, que l'on considère comme colorant alimentaire Caramel
8%
D'un vert émeraude Smaragdin
2%
Aucun quiz correspondant
Distribution des résultats
% des personnes avec chaque résultat
Percentile par nombre de réponses
Votre historique - résultats
Vous n’avez pas pris ce quiz